[Event "Hatay op 10th"]
[Site "Hatay"]
[Date "2018.09.03"]
[Round "2"]
[White "Katipoglu, Engin"]
[Black "Agaslan, Mehmet Kadir"]
[Result "1/2-1/2"]
[WhiteElo "1630"]
[BlackElo "1409"]
[PlyCount "90"]
[EventDate "2018.09.02"]
[EventType "swiss"]
[EventRounds "9"]
[EventCountry "TUR"]
[SourceTitle "CBM 186 Extra"]
[Source "ChessBase"]
[SourceDate "2018.08.24"]
[SourceVersion "1"]
[SourceVersionDate "2018.08.24"]
[SourceQuality "1"]

1. d4 g6 2. Bf4 Nf6 3. e3 Bg7 4. Nf3 d6 5. c4 Nh5 6. Bg5 h6 7. Bh4 g5 8. Nfd2 gxh4 9. Qxh5 c5 10. Qxh4 Qb6 11. Nb3 a5 12. Nc3 Qb4 13. Bd3 a4 14. 0-0 Be6 15. Nd2 Qxb2 16. Nde4 Qb6 17. Rab1 Qc7 18. Nb5 Qd7 19. dxc5 d5 20. cxd5 Bxd5 21. Qg3 0-0 22. Nc7 Ra5 23. Nxd5 Qxd5 24. Rfd1 Qxa2 25. Rxb7 Nc6 26. Rb6 a3 27. Rxc6 Qd5 28. Rxh6 Qxd3 29. Rxd3 a2 30. h3 a1Q+ 31. Kh2 Qf1 32. Rd5 Ra1 33. Qg4 Qh1+ 34. Kg3 Rg1 35. Kf3 f5 36. Nf6+ exf6 37. Rxf5 Rc1 38. Rd5 Rd1 39. Qe6+ Rf7 40. Qe8+ Rf8 41. Qe6+ Rf7 42. Qc8+ Rf8 43. Qe6+ Rf7 44. Qe8+ Rf8 45. Qe6+ Rf7 1/2-1/2

[Event "TUR Cup										"]
[Site "Antalya"]
[Date "2018.02.02"]
[Round "10"]
[White "Arca, Ekin"]
[Black "Katipoglu, Engin"]
[Result "1-0"]
[WhiteElo "1866"]
[BlackElo "1613"]
[PlyCount "177"]
[EventDate "2018.01.27"]
[EventType "swiss"]
[EventRounds "11"]
[EventCountry "TUR"]
[SourceTitle "CBM 182 Extra"]
[Source "ChessBase"]
[SourceDate "2018.02.23"]
[SourceVersion "1"]
[SourceVersionDate "2018.02.23"]
[SourceQuality "1"]

1. b3 d5 2. Bb2 e6 3. e3 Nf6 4. f4 Bd6 5. Nf3 Qe7 6. Be2 0-0 7. 0-0 c5 8. Ne5 Nc6 9. Nxc6 bxc6 10. Nc3 d4 11. Na4 e5 12. Qe1 Nd5 13. Bf3 Ba6 14. Rf2 Nb4 15. Qc1 exf4 16. exd4 Rae8 17. h3 cxd4 18. a3 Nd5 19. Bxd4 Be5 20. Qb2 Bxd4 21. Qxd4 Qe5 22. Qxe5 Rxe5 23. c4 Ne7 24. d4 Re3 25. Nc5 Bc8 26. b4 Rd8 27. Rd2 Bxh3 28. a4 Bc8 29. b5 Rd6 30. a5 cxb5 31. cxb5 g5 32. Rb1 g4 33. Be4 f5 34. Ba8 g3 35. b6 axb6 36. axb6 Rxb6 37. Rbd1 Rb8 38. Bf3 Rb5 39. Be2 Rb4 40. Bf3 Rc4 41. Kf1 Ra3 42. Be2 Rcc3 43. Bf3 Kg7 44. Rb2 Ba6+ 45. Nxa6 Rxa6 46. Rb7 Kf6 47. Re1 Re6 48. Rd1 Rce3 49. Rd7 Nc8 50. Rxh7 Nd6 51. Bd5 Kg6 52. Rd7 Rf6 53. Bf3 Ne4 54. d5 Rf8 55. d6 Re8 56. Bxe4 R3xe4 57. Ra7 Kf6 58. Ra6 R4e6 59. Rb6 Rd8 60. Ra6 f3 61. gxf3 f4 62. Rd4 Kf5 63. Ra5+ Re5 64. Raa4 Ke6 65. Rxf4 Rxd6 66. Kg2 Rg5 67. Rae4+ Re5 68. Kxg3 Rxe4 69. Rxe4+ Kf7 70. f4 Rg6+ 71. Kf3 Re6 72. Ra4 Kf6 73. Ra5 Re1 74. Ra6+ Re6 75. Ra1 Kf5 76. Ra5+ Kf6 77. Kg4 Re1 78. Ra6+ Kf7 79. Kf5 Rf1 80. Ra7+ Kf8 81. Kg5 Re1 82. Kf6 Re8 83. f5 Kg8 84. Kg6 Rf8 85. f6 Rd8 86. Rg7+ Kf8 87. Rh7 Kg8 88. f7+ Kf8 89. Rh8+ 1-0

[Event "TUR Cup										"]
[Site "Antalya"]
[Date "2018.01.31"]
[Round "7"]
[White "Katipoglu, Engin"]
[Black "Bolukdemir, Mert"]
[Result "0-1"]
[WhiteElo "1613"]
[BlackElo "1589"]
[PlyCount "130"]
[EventDate "2018.01.27"]
[EventType "swiss"]
[EventRounds "11"]
[EventCountry "TUR"]
[SourceTitle "CBM 182 Extra"]
[Source "ChessBase"]
[SourceDate "2018.02.23"]
[SourceVersion "1"]
[SourceVersionDate "2018.02.23"]
[SourceQuality "1"]

1. d4 d5 2. Bf4 Nf6 3. e3 Bf5 4. c4 e6 5. Qb3 Bd6 6. Bxd6 cxd6 7. cxd5 0-0 8. Nc3 Nbd7 9. Nf3 e5 10. dxe5 dxe5 11. Be2 Nc5 12. Qb5 b6 13. 0-0 a6 14. Qc4 Qd6 15. b4 Ncd7 16. e4 Rfc8 17. Qd3 Bg6 18. a3 Rc7 19. Nd2 Rac8 20. Rfc1 Bh5 21. f3 b5 22. Na2 Qb6+ 23. Kf1 Bg6 24. Rxc7 Rxc7 25. Rc1 Ne8 26. Rxc7 Qxc7 27. Qc3 Qb7 28. Nb3 f5 29. Na5 Qb6 30. Qc6 Qxc6 31. Nxc6 fxe4 32. Ne7+ Kf7 33. Nxg6 hxg6 34. fxe4 Nd6 35. Nc3 Nb6 36. Kf2 Ke7 37. Bd3 Kf6 38. h3 Kf7 39. Kf3 Ke7 40. Ke2 Kd7 41. Bc2 Kc7 42. Kf3 Nbc4 43. a4 Kb6 44. a5+ Kc7 45. Kg4 Ne3+ 46. Kg5 Nxc2 47. Kxg6 Ne8 48. Kf7 Kd7 49. Na2 Nd6+ 50. Kxg7 Nxe4 51. g4 Nf2 52. Nc3 Nxb4 53. Kf6 Kd6 54. g5 Nxh3 55. g6 Nf4 56. Kg5 Nxg6 57. Kxg6 Nxd5 58. Ne4+ Kc6 59. Kf5 b4 60. Kxe5 Nc7 61. Kd4 Kb5 62. Kd3 Kxa5 63. Kc2 Ne6 64. Nc3 bxc3 65. Kxc3 Ka4 0-1

[Event "TUR Cup										"]
[Site "Antalya"]
[Date "2018.01.29"]
[Round "4"]
[White "Celik, Berkay"]
[Black "Katipoglu, Engin"]
[Result "0-1"]
[WhiteElo "1944"]
[BlackElo "1613"]
[PlyCount "44"]
[EventDate "2018.01.27"]
[EventType "swiss"]
[EventRounds "11"]
[EventCountry "TUR"]
[SourceTitle "CBM 182 Extra"]
[Source "ChessBase"]
[SourceDate "2018.02.23"]
[SourceVersion "1"]
[SourceVersionDate "2018.02.23"]
[SourceQuality "1"]

1. e4 c5 2. Nf3 g6 3. d4 cxd4 4. Qxd4 Nf6 5. e5 Nc6 6. Qh4 Nd5 7. Qe4 Nc7 8. Nc3 Bg7 9. Bg5 d5 10. exd6 Qxd6 11. Bf4 e5 12. Bb5 0-0 13. Rd1 Bf5 14. Qa4 Qb4 15. Bxc6 Qxb2 16. Be4 exf4 17. Ne2 b5 18. Qa5 Bxe4 19. Qxc7 Rac8 20. Qxf4 Bxc2 21. Rc1 Rfe8 22. Qd2 Bc3 0-1

[Event "Ankara Baskent Univ op 2nd"]
[Site "Ankara"]
[Date "2017.07.02"]
[Round "4"]
[White "Katipoglu, Engin"]
[Black "Yarar, Bora"]
[Result "0-1"]
[WhiteElo "1580"]
[BlackElo "1390"]
[PlyCount "114"]
[EventDate "2017.06.30"]
[EventType "swiss"]
[EventRounds "9"]
[EventCountry "TUR"]
[SourceTitle "CBM 179 Extra"]
[Source "ChessBase"]
[SourceDate "2017.08.23"]
[SourceVersion "1"]
[SourceVersionDate "2017.08.23"]
[SourceQuality "1"]

1. d4 d6 2. Bf4 g6 3. e3 Bg7 4. Nf3 Nf6 5. c4 0-0 6. Nc3 Nfd7 7. Be2 h6 8. Rc1 e5 9. Bg3 Nc6 10. dxe5 Ndxe5 11. Nd4 Nxd4 12. exd4 Nc6 13. d5 Nd4 14. 0-0 Nxe2+ 15. Qxe2 Re8 16. Qd2 a6 17. b4 Bf5 18. c5 Rc8 19. Rfe1 Rxe1+ 20. Rxe1 b6 21. c6 Qf8 22. Qe3 g5 23. h4 Bg6 24. hxg5 hxg5 25. Ne4 f6 26. f3 Re8 27. Qd3 Re7 28. a4 Qe8 29. Kf1 f5 30. Nxd6 Rxe1+ 31. Bxe1 cxd6 32. Qxa6 f4 33. c7 Bf5 34. Qxb6 Bd3+ 35. Kg1 Qxe1+ 36. Kh2 Qg3+ 37. Kg1 Bf5 38. c8Q+ Bxc8 39. Qd8+ Kh7 40. Qxc8 Bd4+ 41. Kh1 Qh4+ 42. Qh3 Qxh3+ 43. gxh3 Kg7 44. a5 Kf7 45. Kg2 Bc3 46. a6 Bd4 47. h4 Kg6 48. hxg5 Kxg5 49. Kf1 Kf5 50. Ke2 Ke5 51. Kd2 Kxd5 52. Kd3 Bb6 53. Kc3 Ba7 54. Kd3 Bd4 55. b5 Bb6 56. Kc3 Kc5 57. Kd3 d5 0-1